<Die> betriebswirtschaftliche Organisationsprüfung
Salvato in:
| Autore principale: | |
|---|---|
| Natura: | Libro |
| Lingua: | tedesco |
| Pubblicazione: |
Berlin
Deutscher Betriebswirte
1940
|
| Tags: |
Nessun Tag, puoi essere il primo ad aggiungerne!!
|
MARC
| LEADER | 00000nam a2200000 4500 | ||
|---|---|---|---|
| 001 | c126633 | ||
| 005 | 20041019155238.5 | ||
| 041 | 0 | |a ger | |
| 044 | |a DE | ||
| 245 | 1 | 0 | |a <Die> betriebswirtschaftliche Organisationsprüfung |c Heinrich Mechler |
| 264 | 1 | |a Berlin |b Deutscher Betriebswirte |c 1940 | |
| 300 | |a 222 s. | ||
| 100 | 1 | |a Mechler, Heinrich | |